000
00284nam a2200109Ia 4500
008
220204s9999 xx 000 0 und d
082
_a
066.04
_b
DOD
100
_a
Dodge, Barnett F
245
0
_a
Chemical engineering thermodynamics
260
_a
New York
_b
McGraw Hill
_c
1944
942
_c
BK
999
_c
23009
_d
23009